| Поле | Инд. | ПП | Название | Значение |
|---|---|---|---|---|
| Тип записи | a | |||
| Библиографический уровень | b | |||
| 001 | Контрольный номер | UNIDUBNA38e9914859b7419b92cd49a81464ca8b | ||
| 005 | Дата корректировки | 20230131102941.8 | ||
| 008 | Кодируемые данные | 20170331 | ||
| 040 | b | Код языка каталог. | rus | |
| e | Правила каталог. | PSBO | ||
| 041 | 0_ | a | Код языка текста | rus |
| 084 | a | Индекс другой классификации/Индекс ББК | 67.71; 67.401.032 | |
| 100 | 1_ | a | Автор | Оносов Ю. В. |
| q | Полное имя | Оносов Юрий Викторович | ||
| 245 | 10 | a | Заглавие | К вопросу о признаках административного усмотрения |
| 520 | 0_ | a | Аннотация | В юридической науке представляется наиболее исследованным вопрос судебного правоприменительного усмотрения, вместе с тем не перестает быть актуальным исследование административного правоприменительного усмотрения ввиду его особой специфики. В статье предпринята попытка выделения и анализа существенных характеристик административного усмотрения. По мнению автора, необходимо выделение и научный анализ ряда существенных характеристик административного усмотрения: административное усмотрение представляет собой процесс деятельности по выбору оптимального правоприменительного решения субъектом права, а также результат этой деятельности; наличие в законодательстве правовых механизмов ограничения административного усмотрения; реализация административного усмотрения в процессе применения мер государственного принуждения; административное усмотрение представляет собой оптимальный вариант соотношения законности и целесообразности; наличие свободы в деятельности правоприменительного органа; интеллектуально-волевой внутренний процесс применения субъектом права. На основе изложенного делается вывод о необходимости дополнительного исследования эффективности судебного контроля за административным усмотрением государственных органов |
| 650 | 14 | a | Основная рубрика | административное право |
| a | Основная рубрика | административное процессуальное право | ||
| a | Основная рубрика | право | ||
| a | Основная рубрика | судебная система | ||
| 653 | 0_ | a | Ключевые слова | административная процедура |
| a | Ключевые слова | административное усмотрение | ||
| a | Ключевые слова | административно-правовые методы | ||
| a | Ключевые слова | государственный орган | ||
| a | Ключевые слова | дискреционные полномочия | ||
| a | Ключевые слова | меры государственного принуждения | ||
| a | Ключевые слова | методы управления | ||
| a | Ключевые слова | свобода выбора | ||
| 773 | 08 | t | Заглавие источника | Российская юстиция |
| d | Дата издания источника | 2021 | ||
| g | Прочая информация | № 3. - С. 48 - 51 | ||
| w | Контрольный № источника | b885f12bde384f57bfa824b25e31dd75 | ||
| 901 | t | Тип документа | b |